000 01280nam a22003377a 4500
003 CHAP
005 20220329143614.0
008 100830s2007 mx r 00010 spa d
010 _a99163
011 _a100135
035 _a110821
040 _cCHAP
090 _aTesis
100 1 _aDurán Morales, Daniel.
_934690
245 1 0 _aProblemas degenerativos en columna vertebral y articulaciones :
_bescoliosos lumbrar, artrosis, artropatía en rodilla izquierda tratados con Reiki
_c/por Daniel Durán Morales
260 _aChapingo, Méx. :
_bEl autor,
_c2007
300 _a98 h. :
_bilus.
502 _aTesis (Diplomado en Master Reiki Hollistico) -- UACH. Centro de Educación Continua
590 _aALEPH
_b10
_c20130110
_lUCH01
_h1535
590 _aBATCH-UPD
_b10
_c20130110
_lUCH01
_h1708
590 _aBATCH-UPD
_b10
_c20130410
_lUCH01
_h1054
590 _aBATCH-UPD
_b10
_c20130914
_lUCH01
_h0325
590 _aCONVERSION
_b10
_c20130109
_lUCH01
_h1355
650 1 4 _aAnatomía.
_95490
650 1 4 _aMedicina alternativa.
_973914
650 1 4 _aSistema óseomuscular.
_9106731
901 _aBK
942 _cTESIS
949 _aTesis
_bBC
_cTES
_d33724002073629
_eTS1
_gDonaciØn
_h51016
_i110821
_sb
949 _aTesis
_bBC
_cTES
_d33724002074397
_eTS1
_fc.2
_gDonaciØn
_h51017
_i110821
_sb
999 _c99163
_d99163